[Event "Caracas Gus Cup 2nd"]
[Site "Caracas"]
[Date "2022.08.25"]
[Round "4"]
[White "Molina Sumoza, Jesus Alberto"]
[Black "Mora Moron, Jose Ramon"]
[Result "0-1"]
[WhiteElo "1869"]
[BlackElo "2133"]
[PlyCount "108"]
[EventDate "2022.08.24"]
[EventType "tourn"]
[EventRounds "7"]
[EventCountry "VEN"]
[SourceTitle "EXT 2024"]
[Source "ChessBase"]
[SourceDate "2023.10.10"]
[SourceVersion "1"]
[SourceVersionDate "2023.10.10"]
[SourceQuality "1"]

1. d4 Nf6 2. c4 e6 3. Nf3 d5 4. g3 Bb4+ 5. Bd2 Be7 6. Bg2 c6 7. Qc2 b6 8. 0-0 Ba6 9. Ne5 Nfd7 10. Nxd7 Nxd7 11. cxd5 cxd5 12. Nc3 0-0 13. Qa4 Bb7 14. e4 dxe4 15. Nxe4 Bd5 16. Be3 Qc7 17. Rac1 Qb7 18. f3 Rac8 19. Nc3 Bc6 20. Qb3 Nf6 21. Rcd1 Rfd8 22. a3 b5 23. Rd2 a5 24. Qd1 b4 25. axb4 axb4 26. Na4 Nd5 27. Bf2 Bxa4 28. Qxa4 Bf6 29. f4 Qb6 30. Rfd1 g6 31. Qb3 Qa5 32. h4 h5 33. Rc2 Rxc2 34. Qxc2 Ne7 35. Be4 Qa2 36. Qc7 Rc8 37. Qd6 Qb3 38. Rd2 Kg7 39. Kg2 Rc1 40. Qd7 Nd5 41. Bxd5 exd5 42. f5 Qc4 43. Qe8 Qf1+ 44. Kf3 Qh1+ 45. Kf4 gxf5 46. Qe3 Qe4+ 47. Qxe4 fxe4 48. g4 hxg4 49. Kxg4 b3 50. Be3 Rc2 51. Rd1 Rg2+ 52. Kh3 Rxb2 53. Rg1+ Kh7 54. Rf1 Re2 0-1

[Event "Caracas Gus Cup 2nd"]
[Site "Caracas"]
[Date "2022.08.24"]
[Round "2"]
[White "Molina Sumoza, Jesus Alberto"]
[Black "Lopez Abreu, Michel Samuel"]
[Result "1/2-1/2"]
[WhiteElo "1869"]
[BlackElo "2082"]
[PlyCount "44"]
[EventDate "2022.08.24"]
[EventType "tourn"]
[EventRounds "7"]
[EventCountry "VEN"]
[SourceTitle "EXT 2024"]
[Source "ChessBase"]
[SourceDate "2023.10.10"]
[SourceVersion "1"]
[SourceVersionDate "2023.10.10"]
[SourceQuality "1"]

1. e4 Nf6 2. e5 Nd5 3. d4 d6 4. Nf3 Nc6 5. c4 Nb6 6. e6 fxe6 7. Nc3 g6 8. h4 Bg7 9. Be3 e5 10. d5 Nb4 11. a3 Na6 12. h5 Bg4 13. hxg6 hxg6 14. Rxh8+ Bxh8 15. Bd3 Bf5 16. Bxf5 gxf5 17. Nh4 Kd7 18. Qh5 Qf8 19. Ng6 Qf6 20. Bg5 Qg7 21. Bh6 Qf6 22. Bg5 Qg7 1/2-1/2

[Event "Caracas 12"]
[Site "Caracas"]
[Date "2014.12.14"]
[Round "8"]
[White "Blanco Ronquillo, Humberto L"]
[Black "Molina Sumoza, Jesus Alberto"]
[Result "1-0"]
[WhiteElo "2425"]
[BlackElo "2211"]
[PlyCount "61"]
[EventDate "2014.12.10"]
[EventType "tourn"]
[EventRounds "9"]
[EventCountry "VEN"]
[EventCategory "3"]
[SourceTitle "EXT 2016"]
[Source "ChessBase"]
[SourceDate "2015.10.08"]
[SourceVersion "1"]
[SourceVersionDate "2015.10.08"]
[SourceQuality "1"]

1. Nf3 Nf6 2. c4 c5 3. Nc3 Nc6 4. g3 d5 5. cxd5 Nxd5 6. Bg2 Nc7 7. 0-0 e5 8. b3 Be7 9. Bb2 0-0 10. Rc1 f6 11. Qc2 Be6 12. Na4 Na6 13. Nh4 Qd7 14. Be4 f5 15. Bxc6 Qxc6 16. Bxe5 b5 17. Nc3 Nb4 18. Qb1 Bxh4 19. gxh4 f4 20. Ne4 Bh3 21. Rxc5 Qe6 22. f3 Bxf1 23. Ng5 Qf5 24. Rc7 Rf7 25. Qxf5 Rxf5 26. Rxg7+ Kf8 27. Ne6+ Ke8 28. Nc7+ Kf8 29. Bc3 Rf7 30. Rxf7+ Kxf7 31. Nxa8 1-0

[Event "Caracas 12"]
[Site "Caracas"]
[Date "2014.12.11"]
[Round "2"]
[White "Molina Sumoza, Jesus Alberto"]
[Black "Leyva Proenza, Ricardo"]
[Result "0-1"]
[WhiteElo "2211"]
[BlackElo "2328"]
[PlyCount "76"]
[EventDate "2014.12.10"]
[EventType "tourn"]
[EventRounds "9"]
[EventCountry "VEN"]
[EventCategory "3"]
[SourceTitle "EXT 2016"]
[Source "ChessBase"]
[SourceDate "2015.10.08"]
[SourceVersion "1"]
[SourceVersionDate "2015.10.08"]
[SourceQuality "1"]

1. e4 e5 2. Nf3 Nc6 3. Bb5 a6 4. Ba4 g6 5. Nc3 Bg7 6. Nd5 Nge7 7. d4 Nxd5 8. exd5 Nxd4 9. Nxd4 exd4 10. Qe2+ Qe7 11. Qxe7+ Kxe7 12. Bg5+ Kd6 13. Bb3 Re8+ 14. Kd2 h6 15. Bf4+ Be5 16. Bxh6 b5 17. f4 Bh8 18. a4 Bb7 19. axb5 axb5 20. f5 Be5 21. fxg6 fxg6 22. Raf1 Bxd5 23. Bxd5 Kxd5 24. Rf7 Ke6 25. Rhf1 Rh8 26. Bg5 Rxh2 27. Re7+ Kd6 28. Rf2 Rh5 29. Rxe5 Kxe5 30. Bf4+ Kd5 31. Bxc7 Rf5 32. Re2 d6 33. Bb6 Rb8 34. Bc7 Rbf8 35. Ke1 Rf1+ 36. Kd2 Rb1 37. b3 Rff1 38. Kd3 Rbd1+ 0-1

[Event "Caracas Hernandez Cup"]
[Site "Caracas"]
[Date "2014.10.12"]
[Round "9"]
[White "Molina Sumoza, Jesus Alberto"]
[Black "Gallegos, Carlos"]
[Result "0-1"]
[WhiteElo "2191"]
[BlackElo "2384"]
[PlyCount "80"]
[EventDate "2014.10.08"]
[EventType "swiss"]
[EventRounds "9"]
[EventCountry "VEN"]
[SourceTitle "EXT 2016"]
[Source "ChessBase"]
[SourceDate "2015.10.08"]
[SourceVersion "1"]
[SourceVersionDate "2015.10.08"]
[SourceQuality "1"]

1. e4 g6 2. d4 Bg7 3. c4 d6 4. Nc3 c5 5. Nge2 Nd7 6. Be3 a6 7. Qd2 Rb8 8. a4 Qa5 9. Ra3 Ngf6 10. f3 0-0 11. d5 Ne5 12. Nc1 Nfd7 13. N1a2 Nb6 14. b3 e6 15. Be2 exd5 16. cxd5 f5 17. exf5 Bxf5 18. 0-0 Rbe8 19. g4 Bd7 20. Kg2 Nf7 21. Rd1 Nc8 22. h3 Rxe3 23. Qxe3 b5 24. Ne4 b4 25. Nxb4 Qxb4 26. Ra2 a5 27. Rc2 Re8 28. Rc4 Qa3 29. Qd2 Qxb3 30. Rdc1 Nb6 31. R4c3 Qxd5 32. Rd3 Qe5 33. Qxa5 c4 34. Qxe5 Bxe5 35. Rdd1 Bxa4 36. Rf1 d5 37. Rb1 Bb3 38. f4 Bg7 39. Ng3 Na4 40. Bf3 Nc3 0-1

[Event "Caracas Hernandez Cup"]
[Site "Caracas"]
[Date "2014.10.09"]
[Round "3"]
[White "Molina Sumoza, Jesus Alberto"]
[Black "Diaz Carias, Salvador"]
[Result "1-0"]
[WhiteElo "2191"]
[BlackElo "2054"]
[PlyCount "68"]
[EventDate "2014.10.08"]
[EventType "swiss"]
[EventRounds "9"]
[EventCountry "VEN"]
[SourceTitle "EXT 2016"]
[Source "ChessBase"]
[SourceDate "2015.10.08"]
[SourceVersion "1"]
[SourceVersionDate "2015.10.08"]
[SourceQuality "1"]

1. e4 g6 2. d4 Bg7 3. c4 c5 4. Nf3 cxd4 5. Nxd4 Nc6 6. Be3 d6 7. Nc3 Nf6 8. Be2 0-0 9. 0-0 Bd7 10. Qd2 Re8 11. f3 a6 12. Rad1 Rb8 13. Nxc6 Bxc6 14. b4 b5 15. cxb5 Bxb5 16. Rb1 Qc8 17. Rfc1 Qb7 18. Bd1 Rec8 19. a4 Bc4 20. a5 Nd7 21. Ba4 Ne5 22. Nd5 Bxd5 23. Qxd5 Rxc1+ 24. Bxc1 Qxd5 25. exd5 Nc4 26. Rb3 e6 27. dxe6 fxe6 28. Bd7 Kf7 29. Kf2 Ke7 30. Ba4 Bf8 31. Ke2 d5 32. Kd3 Ne5+ 33. Kc2 Rc8+ 34. Kd1 Nc4 1-0

[Event "Caracas Hernandez Cup"]
[Site "Caracas"]
[Date "2014.10.09"]
[Round "2"]
[White "Molina Sumoza, Jesus Alberto"]
[Black "Gutierrez Anaya, Yeison Joel"]
[Result "0-1"]
[WhiteElo "2191"]
[BlackElo "2123"]
[PlyCount "92"]
[EventDate "2014.10.08"]
[EventType "swiss"]
[EventRounds "9"]
[EventCountry "VEN"]
[SourceTitle "EXT 2016"]
[Source "ChessBase"]
[SourceDate "2015.10.08"]
[SourceVersion "1"]
[SourceVersionDate "2015.10.08"]
[SourceQuality "1"]

1. e4 c5 2. Nf3 Nc6 3. d4 cxd4 4. Nxd4 Qb6 5. Nb3 Nf6 6. Nc3 e6 7. Be3 Qc7 8. f4 d6 9. Be2 a6 10. a4 b6 11. 0-0 Bb7 12. f5 exf5 13. Nd5 Nxd5 14. exd5 Ne5 15. Qd4 Qxc2 16. Qxb6 Bxd5 17. Nd4 Qe4 18. Nf3 Be7 19. Rae1 0-0 20. Bd1 Nc4 21. Qb3 Rab8 22. Qc3 Bf6 23. Bd4 Bxd4+ 24. Qxd4 Qxd4+ 25. Nxd4 Rxb2 26. Bf3 Bxf3 27. Rxf3 g6 28. Rc3 Rb4 29. Rec1 Ne5 30. Nc6 Nxc6 31. Rxc6 Rxa4 32. Rxd6 Ra2 33. Rc7 Rb8 34. h4 Rbb2 35. Rd8+ Kg7 36. Rdd7 Rxg2+ 37. Kf1 Raf2+ 38. Ke1 Kf6 39. Rxf7+ Ke5 40. Rfe7+ Kf4 41. Rc4+ Kg3 42. Rc3+ Kh2 43. Ree3 Kg1 44. Rf3 Rxf3 45. Rxf3 Rh2 46. Rg3+ Kh1 0-1

[Event "Caracas Bandes Cup 1st"]
[Site "Caracas"]
[Date "2014.03.01"]
[Round "2"]
[White "Molina Sumoza, Jesus Alberto"]
[Black "Ynojosa Aponte, Felix Jose"]
[Result "0-1"]
[WhiteElo "2188"]
[BlackElo "2453"]
[PlyCount "78"]
[EventDate "2014.03.01"]
[EventType "swiss"]
[EventRounds "7"]
[EventCountry "VEN"]
[SourceTitle "EXT 2018"]
[Source "ChessBase"]
[SourceDate "2017.10.13"]
[SourceVersion "1"]
[SourceVersionDate "2017.10.13"]
[SourceQuality "1"]

1. e4 c5 2. Nf3 Nc6 3. d4 cxd4 4. Nxd4 e5 5. Nb5 d6 6. N5c3 a6 7. Na3 b5 8. Nd5 Nf6 9. Bg5 Be7 10. Bxf6 Bxf6 11. c4 b4 12. Nc2 0-0 13. g3 Bg5 14. h4 Bh6 15. Bh3 Be6 16. Kf1 Rb8 17. Qd3 Bxd5 18. Qxd5 Qb6 19. b3 Na5 20. Rd1 Nb7 21. Kg2 a5 22. Bd7 Rbd8 23. Bc6 Nc5 24. Bb5 g6 25. h5 Kg7 26. Qc6 Qxc6 27. Bxc6 f5 28. hxg6 hxg6 29. f3 Rf6 30. Rhe1 Rc8 31. Bd5 Rb8 32. Bc6 a4 33. bxa4 fxe4 34. fxe4 b3 35. axb3 Rxb3 36. Re2 Rff3 37. Rxd6 Rxg3+ 38. Kh1 Bf4 39. Ne1 Rb1 0-1

[Event "Caracas Onapre Cup 3rd"]
[Site "Caracas"]
[Date "2013.07.07"]
[Round "7"]
[White "Alcala Vitora, Wilfredo Enrique"]
[Black "Molina Sumoza, Jesus Alberto"]
[Result "0-1"]
[WhiteElo "2022"]
[BlackElo "2173"]
[PlyCount "136"]
[EventDate "2013.07.04"]
[EventType "swiss"]
[EventRounds "7"]
[EventCountry "VEN"]
[SourceTitle "EXT 2018"]
[Source "ChessBase"]
[SourceDate "2017.10.13"]
[SourceVersion "1"]
[SourceVersionDate "2017.10.13"]
[SourceQuality "1"]

1. d4 d5 2. c4 e5 3. e3 exd4 4. exd4 Nf6 5. Nc3 dxc4 6. Bxc4 Be7 7. Nf3 0-0 8. 0-0 Bg4 9. Re1 Nc6 10. d5 Na5 11. Bd3 Bb4 12. Bd2 b6 13. Rc1 c6 14. Be4 Bxc3 15. Bxc3 cxd5 16. Bxf6 Qxf6 17. Qxd5 Be6 18. Qh5 g6 19. Qg5 Qxb2 20. Rc2 Qg7 21. Bxa8 Rxa8 22. Rc7 h6 23. Qf4 g5 24. Qd4 Qxd4 25. Nxd4 Bxa2 26. Nf5 Kh7 27. g4 Kg6 28. Ree7 Rd8 29. Rcd7 Rxd7 30. Rxd7 Be6 31. Rxa7 Nc4 32. Ne7+ Kf6 33. h3 Nd6 34. Nc6 b5 35. Ra6 Bc4 36. Nb4 Ke5 37. Kg2 f5 38. Kf3 f4 39. Nc6+ Ke6 40. Nd4+ Ke5 41. Nc6+ Ke6 42. Nd4+ Ke5 43. Nc2 Bd5+ 44. Ke2 Bc4+ 45. Kf3 Bd3 46. Nb4 Bf1 47. Ra1 Bc4 48. Re1+ Kd4 49. Rd1+ Kc5 50. Rb1 Nc8 51. Ke4 Nd6+ 52. Ke5 Nf7+ 53. Ke4 Nd6+ 54. Ke5 Nf7+ 55. Kf6 Kd4 56. Rc1 Bb3 57. Nc6+ Kd3 58. Nb4+ Ke2 59. Rb1 Bc4 60. Rb2+ Kf3 61. Kf5 Kg2 62. h4 gxh4 63. Kxf4 Ng5 64. f3+ Kg1 65. Nc6 Nxf3 66. Ne5 Nxe5 67. Kxe5 h3 68. Kf4 h2 0-1

[Event "Caracas Onapre Cup 3rd"]
[Site "Caracas"]
[Date "2013.07.06"]
[Round "4"]
[White "Molina Sumoza, Jesus Alberto"]
[Black "Quesada Vera, Liordis"]
[Result "1/2-1/2"]
[WhiteElo "2173"]
[BlackElo "2414"]
[PlyCount "57"]
[EventDate "2013.07.04"]
[EventType "swiss"]
[EventRounds "7"]
[EventCountry "VEN"]
[SourceTitle "EXT 2018"]
[Source "ChessBase"]
[SourceDate "2017.10.13"]
[SourceVersion "1"]
[SourceVersionDate "2017.10.13"]
[SourceQuality "1"]

1. e4 e5 2. Nf3 Nc6 3. Bb5 a6 4. Ba4 Nf6 5. 0-0 b5 6. Bb3 Bb7 7. Re1 Be7 8. d3 0-0 9. Nbd2 d6 10. c3 Nd7 11. Nf1 Bf6 12. d4 Ne7 13. Ng3 Ng6 14. Nf5 Re8 15. d5 Ne7 16. Ne3 h5 17. h3 g6 18. Kh2 Bg7 19. Bc2 Nf6 20. c4 c5 21. a3 Bh6 22. b4 Rc8 23. bxc5 Rxc5 24. cxb5 axb5 25. Bd2 Qd7 26. Bb4 Rc7 27. Bd3 Rb8 28. Qe2 Bc8 29. Kg1 1/2-1/2

[Event "Caracas Onapre Cup 3rd"]
[Site "Caracas"]
[Date "2013.07.04"]
[Round "1"]
[White "Ramos Caldera, Cesar"]
[Black "Molina Sumoza, Jesus Alberto"]
[Result "0-1"]
[WhiteElo "2029"]
[BlackElo "2173"]
[PlyCount "54"]
[EventDate "2013.07.04"]
[EventType "swiss"]
[EventRounds "7"]
[EventCountry "VEN"]
[SourceTitle "EXT 2018"]
[Source "ChessBase"]
[SourceDate "2017.10.13"]
[SourceVersion "1"]
[SourceVersionDate "2017.10.13"]
[SourceQuality "1"]

1. e4 c5 2. Nf3 e6 3. d4 cxd4 4. Nxd4 Nf6 5. Nc3 Nc6 6. Ndb5 d6 7. Bf4 e5 8. Bg5 a6 9. Na3 Be6 10. Nc4 Rc8 11. Ne3 Be7 12. Bxf6 Bxf6 13. Ncd5 Bg5 14. Bd3 0-0 15. 0-0 g6 16. c3 f5 17. f4 exf4 18. Nxf4 Bxf4 19. Rxf4 Qb6 20. Qd2 g5 21. Rf2 f4 22. Nf5 Bxf5 23. exf5 Ne5 24. Kh1 Nxd3 25. Re2 Ne5 26. Qd5+ Kg7 27. Rd1 Qc6 0-1

[Event "VEN-ch Expertos y Maestros"]
[Site "San Carlos"]
[Date "2012.06.19"]
[Round "1"]
[White "Franco, Franvier"]
[Black "Molina Sumoza, Jesus Alberto"]
[Result "1-0"]
[WhiteElo "1924"]
[BlackElo "2194"]
[PlyCount "91"]
[EventDate "2012.06.19"]
[EventType "swiss"]
[EventRounds "9"]
[EventCountry "VEN"]
[SourceTitle "EXT 2015"]
[Source "ChessBase"]
[SourceDate "2014.11.20"]
[SourceVersion "1"]
[SourceVersionDate "2014.11.20"]
[SourceQuality "1"]

1. e4 c5 2. Nf3 Nc6 3. d4 cxd4 4. Nxd4 g6 5. Nc3 Bg7 6. Be3 Nf6 7. Bc4 0-0 8. f3 Qb6 9. Bb3 Nxe4 10. Nd5 Qa5+ 11. c3 Nc5 12. Nxc6 dxc6 13. Nxe7+ Kh8 14. Nxc8 Raxc8 15. 0-0 Rcd8 16. Qc2 Qb5 17. Rad1 Nxb3 18. Qxb3 Qxb3 19. axb3 b6 20. b4 Kg8 21. Bg5 f6 22. Bf4 Kf7 23. Rxd8 Rxd8 24. Ra1 Rd7 25. Bb8 a5 26. bxa5 bxa5 27. Bf4 Rb7 28. Rxa5 Rxb2 29. Ra7+ Kg8 30. Rc7 g5 31. Be3 f5 32. Rxc6 f4 33. Bd4 Rb1+ 34. Kf2 Rb2+ 35. Kf1 Rb1+ 36. Ke2 Rb2+ 37. Kd3 Bxd4 38. cxd4 Rxg2 39. Rc2 Rxc2 40. Kxc2 h5 41. Kd3 Kf7 42. Ke4 Ke6 43. h3 Kd6 44. Kf5 g4 45. hxg4 h4 46. Kxf4 1-0